1970s Songs - Sudden Death - Statistics

General Stats
  • This quiz has been taken 979 times
  • The average score is 4 of 15
Answers on the Grid
Answers color-coded by a green-red scale on the quiz's grid according to % correct below.
(Sittin' On) The Dock of the Bay - Otis Redding
9 to 5 - Dolly Parton
Ain't No Sunshine - Bill Withers
American Pie - Don McLean
Bad Moon Rising - Creedence Clearwater Revival
Be My Baby - The Ronettes
Billie Jean - Michael Jackson
Bohemian Rhapsody - Queen
Brown Eyed Girl - Van Morrison
Celebration - Kool & the Gang
Come On Eileen - Dexys Midnight Runners
Danger Zone - Kenny Loggins
Delilah - Tom Jones
Don't Go Breaking My Heart - Elton John / Kiki Dee
Don't Stop 'Til You Get Enough - Michael Jackson
Ghostbusters - Ray Parker Jr.
Hey Jude - The Beatles
Hotel California - Eagles
I'm a Believer - The Monkees
It's Not Unusual - Tom Jones
Just Once in My Life - The Righteous Brothers
Kids in America - Kim Wilde
Kung Fu Fighting - Carl Douglas
Let It Be - The Beatles
Let's Get It On - Marvin Gaye
Mockingbird - Inez And Charlie Foxx
Penny Lane - The Beatles
Puppy Love - Paul Anka
Rocket Man - Elton John
Say You, Say Me - Lionel Richie
Somebody to Love - Queen
Stayin' Alive - Bee Gees
Take a Chance on Me - ABBA
Take Me Home, Country Roads - John Denver
The Final Countdown - Europe
The Gambler - Kenny Rogers
Time After Time - Cyndi Lauper
Total Eclipse of the Heart - Bonnie Tyler
True Colors - Cyndi Lauper
Under Pressure - Queen
Vogue - Madonna
Wake Me Up Before You Go-Go - Wham!
Walk Like an Egyptian - The Bangles
Walking on Sunshine - Katrina and the Waves
You Don't Own Me - Lesley Gore
 
Answer Stats
Answer % Correct
American Pie - Don McLean
64%
Bohemian Rhapsody - Queen
54%
Ain't No Sunshine - Bill Withers
46%
Hotel California - Eagles
31%
Don't Go Breaking My Heart - Elton John / Kiki Dee
25%
Stayin' Alive - Bee Gees
25%
Rocket Man - Elton John
24%
Take a Chance on Me - ABBA
24%
Kung Fu Fighting - Carl Douglas
19%
Take Me Home, Country Roads - John Denver
19%
Let's Get It On - Marvin Gaye
16%
Somebody to Love - Queen
16%
Don't Stop 'Til You Get Enough - Michael Jackson
15%
Let It Be - The Beatles
13%
The Gambler - Kenny Rogers
9%
No matching quizzes found
Score Distribution
Percent of People with Each Score
Percentile by Number Answered
Your Score History
You have not taken this quiz